| 000 | 00411nam a22001697a 4500 | ||
|---|---|---|---|
| 003 | CEME | ||
| 005 | 20210628205252.0 | ||
| 008 | 210224b xxu||||| |||| 00| 0 eng d | ||
| 020 | _a9789350141663 | ||
| 040 | _c. | ||
| 082 | _a620.112 SIN'S | ||
| 100 |
_aSingh, Surendra _920972 |
||
| 245 | _aStrenght of materials | ||
| 260 |
_aDELHI _bS.K. KATARIA & SONS _c2011 |
||
| 300 | _aXIII, 854P | ||
| 942 |
_cBK _2ddc |
||
| 999 |
_c580187 _d580187 |
||